Molecular spectra and molecular structure

Enregistré dans:
Détails bibliographiques
Auteurs principaux: Huber, K. P (Auteur), Herzberg, Gerhard (Auteur)
Format: Livre
Langue:anglais
Publié: Nueva York Van Nostrand Reinhold 1979
Sujets:
Tags: Ajouter un tag
Pas de tags, Soyez le premier à ajouter un tag!

MARC

LEADER 00000nam a2200000 a 4500
001 UCH1263
003 CL-VaPUC
008 090416e19790000US |||||||||||||||||eng|d
020 |a 0442233949 
082 0 4 |a 539.6  |b HUB  |2 21 
100 0 |a Huber, K. P  |e author  |9 535670 
700 |a Herzberg, Gerhard  |e author  |9 552995 
245 1 0 |a Molecular spectra and molecular structure 
300 |a v 
942 |c BK 
945 |d 20090416 00:00:00  |a rbrito 
260 |a Nueva York  |b Van Nostrand Reinhold  |c 1979 
500 |a v.4: Constants of diatomic molecules 
650 0 |a Moléculas   |9 259584 
650 0 |a Estructura molecular  |9 306892 
650 0 |a Química orgánica   |9 259426 
583 |a last modification  |c 20090416 00:00:00  |k Rodrigo Vera 
999 |c 333321  |d 333319 
952 |0 0  |1 0  |4 0  |6 539_600000000000000_HUB_1979  |7 0  |8 A  |9 421650  |a BIBCUR  |b BIBCUR  |d 2019-11-22  |h v.4  |i 4537165  |o 539.6 HUB 1979  |p 4537165  |r 2025-04-22  |w 2019-11-22  |y BK  |k BCB